Tian shi lao

Bibliographic Details
Main Author: Luoyuci , 1989- (Author)
Format: Book
Published: Kepong, Kuala Lumpur : Chee Sze Poh (M) Sdn Bhd. 2015
Series:" i yue du" er tong wen xue xi lie ; v 07
Subjects:

MARC

LEADER 00000cam a2200000 7i4500
001 0000119123
005 20160627.0
008 160627s2015mya j 0001 cn
020 |a 9789670224831 
040 |a PERPUSTAM   |b eng   |c PERPUSTAM 
090 0 0 |a JC 895.1352   |b LUO 
100 1 |a Luoyuci ,   |d 1989- , ,   |e author 
245 1 0 |a Tian shi lao   |c Luoyuci zhu 
264 1 |a Kepong, Kuala Lumpur :   |b Chee Sze Poh (M) Sdn Bhd.   |c 2015 
300 |a 272 pages ;   |c 21 cm. 
336 |a text, rdacontent 
337 |a unmediated  |2 rdamedia 
338 |a volume  |2 rdacarrier 
490 1 |a " i yue du" er tong wen xue xi lie ; v 07 
650 0 0 |a Malaysian fiction (Chinese) 
650 0 0 |a Young adult fiction, Chinese 
999 |a 0000412789   |b Buku   |c Koleksi Pinjaman Kanak-Kanak   |e Perpustakaan Komuniti UTC Melaka 
999 |a 0000412790   |b Buku   |c Koleksi Pinjaman Kanak-Kanak   |e Perbadanan Perpustakaan Awam Melaka 
999 |a 0000412791   |b Buku   |c Koleksi Pinjaman Kanak-Kanak   |e Perpustakaan Cawangan Jasin 
999 |a 0000412792   |b Buku   |c Koleksi Pinjaman Kanak-Kanak   |e Perpustakaan Cawangan Masjid Tanah 
999 |a 0000412793   |b Buku   |c Koleksi Pinjaman Kanak-Kanak   |e Perpustakaan Cawangan Merlimau 
999 |a 0000412794   |b Buku   |c Koleksi Pinjaman Kanak-Kanak   |e Perbadanan Perpustakaan Awam Melaka 
999 |a 0000412795   |b Buku   |c Koleksi Pinjaman Kanak-Kanak   |e Perbadanan Perpustakaan Awam Melaka 
999 |a 0000412796   |b Buku   |c Koleksi Pinjaman Kanak-Kanak   |e Perbadanan Perpustakaan Awam Melaka 
999 |a 0000412797   |b Buku   |c Koleksi Pinjaman Kanak-Kanak   |e Perbadanan Perpustakaan Awam Melaka